LEADER 00787naa a2200205 i 4500
001 acta65922
005 20260312135451.0
008 200206s2008 hu o 100 eng d
020 |a 978-963-482-861-7 
040 |a SZTE Egyetemi Kiadványok Repozitórium  |b hun 
041 |a eng 
100 1 |a Maczelka Noémi 
245 1 0 |a Dear Reader  |h [elektronikus dokumentum] /  |c  Maczelka Noémi 
260 |c 2008 
300 |a 4 
490 0 |a A Juhász Gyula Pedagógusképző Kar Ének-Zene Tanszékének kiadványai 
490 0 |a A Kodály évforduló hazai és nemzetközi kultúrtörténeti vonatkozásai : tanulmánykötet 
490 0 |a Nemzetközi Zenei Konferencia 
695 |a Zenetudomány - előszó 
856 4 0 |u http://acta.bibl.u-szeged.hu/65922/1/enek_zene_tanszek_2008_004.pdf  |z Dokumentum-elérés